000
00223nam a22000857a 4500
008
160915b xxu||||| |||| 00| 0 eng d
100
_9
505
_a
Kumar.H.etal
245
_a
Mega Computer-III
260
_a
New Delhi
_b
P.P. Publishers
_c
2007
999
_c
3162
_d
3162